Top 5 Songs On Here Comes The Cowboy (Mac DeMarco) - Statistics

General Stats
  • This quiz has been taken 22 times
  • The average score is 4 of 5
Answer Stats
Hint Answer % Correct
140,769,950 Heart To Heart
95%
26,639,617 Preoccupied
85%
31,330,253 Nobody
65%
12,003,003 On The Square
65%
14,422,405 All Of Our Yesterdays
50%
No matching quizzes found
Score Distribution
Percent of People with Each Score
Percentile by Number Answered
Your Score History
You have not taken this quiz